[Event "Nordic Youth Chess Championship"]
[Site "?"]
[Date "2020.02.14"]
[Round "1.9"]
[White "Fjallheim, Leif Reinert"]
[Black "Vitenberg, Noam Aviv"]
[Result "0-1"]
[BlackElo "2276"]
[WhiteElo "1996"]
[LiveChessVersion "1.4.8"]

1. e4 {[%clk 1:30:53]} c6 {[%clk 1:29:53]} 2. d4 {[%clk 1:30:51]} d5
{[%clk 1:29:23]} 3. Nc3 {[%clk 1:30:31]} dxe4 {[%clk 1:28:35]} 4. Nxe4
{[%clk 1:30:19]} Bf5 {[%clk 1:28:12]} 5. Ng3 {[%clk 1:30:23]} Bg6
{[%clk 1:28:22]} 6. h4 {[%clk 1:30:13]} h6 {[%clk 1:28:09]} 7. Nf3
{[%clk 1:30:23]} Nd7 {[%clk 1:28:10]} 8. h5 {[%clk 1:30:31]} Bh7 {[%clk 1:28:25]}
9. Bd3 {[%clk 1:30:53]} Bxd3 {[%clk 1:28:20]} 10. Qxd3 {[%clk 1:31:16]} e6
{[%clk 1:28:32]} 11. Bd2 {[%clk 1:31:13]} Ngf6 {[%clk 1:28:40]} 12. O-O-O
{[%clk 1:31:07]} Be7 {[%clk 1:28:40]} 13. Qe2 {[%clk 1:30:46]} O-O
{[%clk 1:20:41]} 14. Nf1 {[%clk 1:30:34]} c5 {[%clk 1:09:13]} 15. g4
{[%clk 1:30:21]} cxd4 {[%clk 0:57:42]} 16. g5 {[%clk 1:29:42]} hxg5
{[%clk 0:55:00]} 17. Bxg5 {[%clk 1:28:48]} Qa5 {[%clk 0:46:46]} 18. Rxd4
{[%clk 1:13:06]} Qxa2 {[%clk 0:38:44]} 19. N1d2 {[%clk 1:09:21]} Rac8
{[%clk 0:24:32]} 20. Nb1 {[%clk 0:49:18]} Nc5 {[%clk 0:23:03]} 21. Nfd2
{[%clk 0:40:59]} Rfd8 {[%clk 0:16:13]} 22. Rxd8+ {[%clk 0:37:39]} Bxd8
{[%clk 0:16:08]} 23. Qf3 {[%clk 0:31:49]} Qd5 {[%clk 0:14:36]} 24. Rg1
{[%clk 0:29:30]} Nd3+ {[%clk 0:14:21]} 25. Kd1 {[%clk 0:29:53]} Nxb2+
{[%clk 0:13:58]} 26. Ke2 {[%clk 0:28:40]} Qb5+ {[%clk 0:12:11]} 27. c4
{[%clk 0:28:17]} Nxc4 {[%clk 0:12:03]} 28. Qd3 {[%clk 0:27:42]} Qe5+
{[%clk 0:12:18]} 29. Be3 {[%clk 0:27:23]} Qxh5+ {[%clk 0:12:21]} 30. Ke1
{[%clk 0:27:25]} Nxe3 {[%clk 0:12:32]} 31. fxe3 {[%clk 0:27:42]} Qh2
{[%clk 0:12:17]} 0-1

[Event "Nordic Youth Chess Championship"]
[Site "?"]
[Date "2020.02.14"]
[Round "1.10"]
[White "Briem, Stephan"]
[Black "Muntean, Victor"]
[Result "1-0"]
[BlackElo "1960"]
[WhiteElo "2197"]
[LiveChessVersion "1.4.8"]

1. d4 {[%clk 1:30:15]} d5 {[%clk 1:30:12]} 2. c4 {[%clk 1:30:14]} dxc4
{[%clk 1:30:31]} 3. Nf3 Nf6 {[%clk 1:25:45]} 4. e3 {[%clk 1:29:19]} Be6
{[%clk 1:24:01]} 5. Na3 {[%clk 1:25:12]} Nbd7 {[%clk 1:22:01]} 6. Nxc4
{[%clk 1:22:09]} Bxc4 {[%clk 1:21:27]} 7. Bxc4 {[%clk 1:22:29]} Nb6
{[%clk 1:21:18]} 8. Bd3 {[%clk 1:19:36]} e6 {[%clk 1:17:52]} 9. O-O
{[%clk 1:17:38]} Be7 {[%clk 1:17:42]} 10. e4 {[%clk 1:12:31]} c6 {[%clk 1:08:25]}
11. Bf4 {[%clk 1:05:17]} h6 {[%clk 1:02:24]} 12. Qe2 {[%clk 1:04:26]} g5
{[%clk 0:57:23]} 13. Be3 {[%clk 1:03:07]} Qc7 {[%clk 0:52:20]} 14. a3
{[%clk 0:54:19]} O-O-O {[%clk 0:47:14]} 15. b4 {[%clk 0:51:54]} Kb8
{[%clk 0:40:49]} 16. Rfc1 {[%clk 0:49:02]} a6 {[%clk 0:35:29]} 17. a4
{[%clk 0:41:06]} Bxb4 {[%clk 0:31:04]} 18. a5 {[%clk 0:40:09]} Nc8
{[%clk 0:30:08]} 19. Qb2 {[%clk 0:30:53]} Bxa5 {[%clk 0:28:09]} 20. d5
{[%clk 0:25:21]} Nxe4 {[%clk 0:22:33]} 21. Bxe4 {[%clk 0:13:12]} exd5
{[%clk 0:22:56]} 22. Bxd5 {[%clk 0:13:17]} Bb6 {[%clk 0:18:17]} 23. Rab1
{[%clk 0:06:45]} g4 {[%clk 0:15:29]} 24. Ne1 {[%clk 0:02:38]} Bxe3
{[%clk 0:10:17]} 25. fxe3 {[%clk 0:01:39]} Qe7 {[%clk 0:08:15]} 26. Rxc6
{[%clk 0:00:40]} Qxe3+ {[%clk 0:08:34]} 27. Kh1 {[%clk 0:00:55]} b6
{[%clk 0:08:29]} 28. Bc4 {[%clk 0:00:47]} Kb7 {[%clk 0:05:08]} 29. Qf6
{[%clk 0:00:33]} Rhe8 {[%clk 0:04:53]} 30. Nc2 {[%clk 0:00:37]} Qe4
{[%clk 0:04:25]} 31. Rcxb6+ {[%clk 0:00:44]} Kc7 {[%clk 0:04:29]} 32. Qxf7+
{[%clk 0:00:36]} Re7 {[%clk 0:04:51]} 33. Rb7+ {[%clk 0:00:41]} Qxb7
{[%clk 0:01:35]} 34. Qf4+ {[%clk 0:00:44]} Nd6 {[%clk 0:01:12]} 35. Rxb7+
{[%clk 0:01:12]} Kxb7 {[%clk 0:01:37]} 36. Bd5+ {[%clk 0:01:28]} Kc7
{[%clk 0:01:01]} 37. Qf6 {[%clk 0:01:06]} Rde8 {[%clk 0:01:13]} 38. Qc3+
{[%clk 0:01:28]} Kb8 {[%clk 0:01:23]} 39. h3 {[%clk 0:00:52]} gxh3
{[%clk 0:00:59]} 40. Qxh3 {[%clk 0:01:02]} Re5 {[%clk 0:00:47]} 41. Bf3
{[%clk 0:00:45]} h5 {[%clk 0:00:43]} 42. Qd7 {[%clk 0:01:01]} Ne4
{[%clk 0:00:46]} 43. Nd4 {[%clk 0:00:41]} Nc5 {[%clk 0:00:33]} 44. Nc6+
{[%clk 0:01:05]} 1-0

[Event "Nordic Youth Chess Championship"]
[Site "?"]
[Date "2020.02.14"]
[Round "1.11"]
[White "Multanen, Jimi"]
[Black "Melaa, Sondre"]
[Result "1-0"]
[BlackElo "2180"]
[WhiteElo "1701"]
[LiveChessVersion "1.4.8"]

1. e4 {[%clk 1:30:39]} e5 {[%clk 1:30:47]} 2. Nf3 {[%clk 1:30:51]} Nc6
{[%clk 1:31:05]} 3. Bb5 {[%clk 1:30:59]} a6 {[%clk 1:31:28]} 4. Ba4
{[%clk 1:31:27]} Nf6 {[%clk 1:31:51]} 5. O-O {[%clk 1:31:41]} Be7
{[%clk 1:32:09]} 6. Bxc6 {[%clk 1:32:03]} dxc6 {[%clk 1:32:31]} 7. d3
{[%clk 1:32:30]} Nd7 {[%clk 1:32:52]} 8. Nbd2 {[%clk 1:32:41]} O-O
{[%clk 1:31:26]} 9. Nc4 {[%clk 1:32:10]} f6 {[%clk 1:31:13]} 10. Nh4
{[%clk 1:25:42]} Nc5 {[%clk 1:24:08]} 11. Nf5 {[%clk 1:18:48]} Be6
{[%clk 1:19:17]} 12. Nce3 {[%clk 1:14:22]} g6 {[%clk 1:12:41]} 13. Nxe7+
{[%clk 1:05:11]} Qxe7 {[%clk 1:12:49]} 14. b3 {[%clk 1:04:45]} b5
{[%clk 1:06:57]} 15. Ba3 {[%clk 1:03:11]} a5 {[%clk 1:06:23]} 16. Bxc5
{[%clk 1:01:56]} Qxc5 {[%clk 1:06:43]} 17. a4 {[%clk 1:02:03]} Kg7 18. Qe2
{[%clk 0:44:30]} Qd4 {[%clk 0:58:01]} 19. Qe1 {[%clk 0:41:07]} f5
{[%clk 0:34:55]} 20. exf5 {[%clk 0:30:38]} gxf5 {[%clk 0:34:04]} 21. axb5
{[%clk 0:28:56]} cxb5 {[%clk 0:30:58]} 22. Rxa5 {[%clk 0:28:21]} Rab8
{[%clk 0:29:09]} 23. Ra6 {[%clk 0:23:37]} Rbe8 {[%clk 0:26:02]} 24. Rc6
{[%clk 0:14:40]} Rf7 {[%clk 0:19:59]} 25. Qa5 {[%clk 0:08:49]} f4
{[%clk 0:15:25]} 26. Nd1 {[%clk 0:09:19]} Ree7 {[%clk 0:13:48]} 27. Re1
{[%clk 0:05:46]} Bd5 {[%clk 0:12:10]} 28. Ra6 {[%clk 0:06:15]} c6
{[%clk 0:11:25]} 29. Qd8 {[%clk 0:03:36]} Bxb3 {[%clk 0:08:50]} 30. Qc8
{[%clk 0:02:05]} Bxc2 {[%clk 0:07:33]} 31. Qxc6 {[%clk 0:01:49]} Qd7
{[%clk 0:02:39]} 32. Qxc2 {[%clk 0:02:18]} b4 {[%clk 0:03:01]} 33. Nb2
{[%clk 0:01:23]} Qd4 {[%clk 0:02:32]} 34. Qc6 {[%clk 0:01:24]} Qd8
{[%clk 0:02:41]} 35. Qh6+ {[%clk 0:01:30]} Kg8 {[%clk 0:03:09]} 36. Nc4
{[%clk 0:01:45]} Rg7 {[%clk 0:02:56]} 37. Qc6 {[%clk 0:01:52]} Qxd3
{[%clk 0:01:00]} 38. Ra8+ {[%clk 0:01:46]} Kf7 {[%clk 0:01:29]} 39. Nd6+
{[%clk 0:01:56]} Kf6 {[%clk 0:00:57]} 40. Ne4+ {[%clk 0:02:05]} Kf5
{[%clk 0:01:19]} 41. Qf6+ {[%clk 0:02:07]} Kg4 {[%clk 0:01:44]} 42. h3+
{[%clk 0:01:53]} Kh5 {[%clk 0:02:08]} 43. Ra6 {[%clk 0:00:57]} Rg6
{[%clk 0:02:01]} 44. Qf5+ {[%clk 0:01:26]} Kh6 {[%clk 0:02:12]} 45. Qg5+
{[%clk 0:01:48]} Kg7 {[%clk 0:02:34]} 46. Qxe7+ {[%clk 0:02:11]} Kh6
{[%clk 0:02:56]} 47. Rxg6+ {[%clk 0:02:19]} 1-0

[Event "Nordic Youth Chess Championship"]
[Site "?"]
[Date "2020.02.14"]
[Round "1.12"]
[White "Easwaralingam, Adesh"]
[Black "Tummasarson, Flovin M."]
[Result "1-0"]
[BlackElo "1664"]
[WhiteElo "2279"]
[LiveChessVersion "1.4.8"]

1. e4 {[%clk 1:30:58]} e5 {[%clk 1:30:46]} 2. Nf3 {[%clk 1:31:24]} Nc6
{[%clk 1:30:53]} 3. Bb5 {[%clk 1:31:51]} Bc5 {[%clk 1:30:33]} 4. c3
{[%clk 1:31:46]} Bb6 {[%clk 1:29:30]} 5. O-O {[%clk 1:30:52]} Nf6
{[%clk 1:28:28]} 6. Bxc6 {[%clk 1:25:31]} dxc6 {[%clk 1:28:06]} 7. Nxe5
{[%clk 1:23:55]} Nxe4 {[%clk 1:27:25]} 8. Qe2 {[%clk 1:21:01]} Qd5
{[%clk 1:26:59]} 9. d4 {[%clk 1:20:12]} Bf5 {[%clk 1:25:38]} 10. Re1
{[%clk 1:16:29]} O-O {[%clk 1:22:40]} 11. g4 {[%clk 1:16:32]} Bg6
{[%clk 1:18:58]} 12. Nxg6 {[%clk 1:16:40]} hxg6 {[%clk 1:19:12]} 13. Qxe4
{[%clk 1:15:45]} Rfe8 {[%clk 1:17:27]} 14. Qxe8+ {[%clk 1:16:07]} Rxe8
{[%clk 1:17:08]} 15. Rxe8+ {[%clk 1:16:33]} Kh7 {[%clk 1:16:27]} 16. Nd2
{[%clk 1:14:59]} Qg5 {[%clk 1:09:43]} 17. h3 {[%clk 1:14:41]} Qh4
{[%clk 1:09:11]} 18. Nf3 {[%clk 1:15:02]} 1-0

[Event "Nordic Youth Chess Championship"]
[Site "?"]
[Date "2020.02.14"]
[Round "2.1"]
[White "Lund, Gunnar"]
[Black "Kristensen, Bjarke Hautop"]
[Result "1/2-1/2"]
[BlackElo "2227"]
[WhiteElo "2288"]
[LiveChessVersion "1.4.8"]

1. d4 {[%clk 1:30:25]} Nf6 {[%clk 1:30:48]} 2. Bf4 {[%clk 1:30:48]} g6
{[%clk 1:30:53]} 3. Nc3 {[%clk 1:31:11]} d5 {[%clk 1:31:14]} 4. e3
{[%clk 1:31:35]} Bg7 {[%clk 1:24:46]} 5. h4 {[%clk 1:31:49]} c5 {[%clk 1:12:19]}
6. Nb5 {[%clk 1:26:27]} Na6 {[%clk 1:11:11]} 7. c3 {[%clk 1:26:09]} h6
{[%clk 0:59:15]} 8. Be2 {[%clk 1:24:18]} O-O {[%clk 0:55:40]} 9. Nf3
{[%clk 1:23:23]} Bg4 {[%clk 0:53:02]} 10. Ne5 {[%clk 1:17:27]} Bxe2
{[%clk 0:53:14]} 11. Qxe2 {[%clk 1:17:50]} Nd7 {[%clk 0:48:25]} 12. Nf3
{[%clk 1:15:01]} Nf6 {[%clk 0:37:13]} 13. O-O {[%clk 1:13:35]} Qd7
{[%clk 0:31:47]} 14. Rad1 {[%clk 1:07:56]} Rfd8 {[%clk 0:27:53]} 15. Be5
{[%clk 1:04:01]} c4 {[%clk 0:24:39]} 16. a4 {[%clk 1:02:12]} Qg4 {[%clk 0:23:46]}
17. Rfe1 {[%clk 1:00:02]} Ne4 {[%clk 0:23:53]} 18. Bxg7 {[%clk 0:56:22]} Kxg7
{[%clk 0:24:22]} 19. g3 {[%clk 0:54:08]} Rdc8 {[%clk 0:17:44]} 20. Nd2
{[%clk 0:49:07]} Qxe2 {[%clk 0:17:06]} 21. Rxe2 {[%clk 0:49:28]} Nc7
{[%clk 0:12:30]} 22. Na3 {[%clk 0:47:54]} f5 {[%clk 0:08:36]} 23. Kg2
{[%clk 0:47:53]} e6 {[%clk 0:08:07]} 24. f3 {[%clk 0:47:40]} Nxd2
{[%clk 0:08:33]} 25. Rdxd2 {[%clk 0:47:44]} Kf6 {[%clk 0:08:21]} 26. e4
{[%clk 0:46:06]} a6 {[%clk 0:08:45]} 27. Nc2 {[%clk 0:45:25]} Re8
{[%clk 0:08:23]} 28. Re1 {[%clk 0:44:18]} Re7 {[%clk 0:06:24]} 29. Rde2
{[%clk 0:43:23]} Rae8 {[%clk 0:06:42]} 30. Nb4 {[%clk 0:42:57]} Kf7
{[%clk 0:04:23]} 31. Kf2 {[%clk 0:43:06]} Kf6 {[%clk 0:04:36]} 32. Nc2
{[%clk 0:43:17]} Kf7 {[%clk 0:04:38]} 33. Ne3 {[%clk 0:42:42]} Kf6
{[%clk 0:04:51]} 34. Ng2 {[%clk 0:42:44]} e5 {[%clk 0:03:02]} 35. dxe5+
{[%clk 0:25:36]} Rxe5 {[%clk 0:03:31]} 36. Ne3 {[%clk 0:20:49]} dxe4
{[%clk 0:03:56]} 37. Nxc4 {[%clk 0:21:12]} R5e6 {[%clk 0:04:24]} 38. fxe4
{[%clk 0:20:22]} fxe4 {[%clk 0:04:45]} 39. Nd2 {[%clk 0:16:52]} Kf5
{[%clk 0:04:02]} 40. Kg2 {[%clk 0:17:20]} g5 {[%clk 0:03:03]} 41. hxg5
{[%clk 0:15:22]} hxg5 {[%clk 0:03:29]} 42. Rf2+ {[%clk 0:15:43]} Kg6
{[%clk 0:03:54]} 43. Rfe2 {[%clk 0:16:10]} Kf5 {[%clk 0:04:17]} 44. Nb3
{[%clk 0:13:43]} Re5 {[%clk 0:03:52]} 45. Nd4+ {[%clk 0:10:47]} Kg6
{[%clk 0:04:15]} 46. c4 {[%clk 0:10:54]} 1/2-1/2

[Event "Nordic Youth Chess Championship"]
[Site "?"]
[Date "2020.02.14"]
[Round "2.2"]
[White "Freyr Heimisson, Hilmir"]
[Black "Lahdelma, Henri"]
[Result "1-0"]
[BlackElo "2253"]
[WhiteElo "2250"]
[LiveChessVersion "1.4.8"]

1. c4 {[%clk 1:30:58]} c6 {[%clk 1:30:42]} 2. g3 {[%clk 1:31:08]} d5
{[%clk 1:31:03]} 3. Nf3 {[%clk 1:31:31]} Nf6 {[%clk 1:31:22]} 4. Bg2
{[%clk 1:31:36]} dxc4 {[%clk 1:31:33]} 5. O-O {[%clk 1:31:44]} Nbd7
{[%clk 1:31:50]} 6. Qc2 {[%clk 1:31:19]} Nb6 {[%clk 1:31:57]} 7. b3
{[%clk 1:22:22]} cxb3 {[%clk 1:30:44]} 8. axb3 {[%clk 1:22:47]} g6
{[%clk 1:30:27]} 9. e4 {[%clk 1:17:14]} Bg7 {[%clk 1:30:31]} 10. d4
{[%clk 1:17:22]} O-O {[%clk 1:30:13]} 11. h3 {[%clk 1:11:40]} Nfd7
{[%clk 1:18:10]} 12. Rd1 {[%clk 0:55:37]} Qc7 {[%clk 1:11:23]} 13. Ba3
{[%clk 0:50:20]} Re8 {[%clk 1:09:46]} 14. Nc3 {[%clk 0:50:10]} Bf8
{[%clk 0:49:47]} 15. Kh2 {[%clk 0:45:35]} e5 {[%clk 0:38:11]} 16. Bxf8
{[%clk 0:45:59]} Kxf8 {[%clk 0:38:35]} 17. dxe5 {[%clk 0:37:48]} Nxe5
{[%clk 0:38:42]} 18. Nd4 {[%clk 0:38:00]} f6 {[%clk 0:35:10]} 19. f4
{[%clk 0:26:57]} Nf7 {[%clk 0:35:31]} 20. Nf3 {[%clk 0:24:24]} Be6
{[%clk 0:25:38]} 21. f5 {[%clk 0:18:35]} Bd7 {[%clk 0:25:54]} 22. Nb5
{[%clk 0:16:46]} Qb8 {[%clk 0:25:33]} 23. Qc5+ {[%clk 0:17:01]} Kg8
{[%clk 0:18:07]} 24. Nd6 {[%clk 0:16:59]} Rf8 {[%clk 0:16:53]} 25. e5
{[%clk 0:13:49]} Bxf5 {[%clk 0:08:45]} 26. Nxf5 {[%clk 0:12:59]} gxf5
{[%clk 0:09:00]} 27. exf6 {[%clk 0:11:15]} Nd5 {[%clk 0:09:08]} 28. Rxd5
{[%clk 0:07:31]} cxd5 {[%clk 0:09:32]} 29. Qxd5 {[%clk 0:07:39]} Qd6
{[%clk 0:08:20]} 30. Qxf5 {[%clk 0:07:55]} Nh8 {[%clk 0:08:05]} 31. Ng5
{[%clk 0:06:39]} Rf7 {[%clk 0:04:27]} 32. Nxf7 {[%clk 0:06:44]} Kxf7
{[%clk 0:04:53]} 33. Qxh7+ {[%clk 0:06:57]} Kxf6 {[%clk 0:05:18]} 34. Rf1+
{[%clk 0:07:22]} Ke6 {[%clk 0:05:18]} 35. Qf5+ {[%clk 0:04:33]} Ke7
{[%clk 0:05:43]} 36. Re1+ {[%clk 0:04:50]} Kd8 {[%clk 0:06:09]} 37. Re6
{[%clk 0:04:20]} Qb4 {[%clk 0:05:37]} 38. Qd5+ {[%clk 0:03:54]} Kc7
{[%clk 0:05:55]} 39. Re4 {[%clk 0:03:56]} Qd6 {[%clk 0:05:32]} 40. Rc4+
{[%clk 0:04:25]} Kd7 {[%clk 0:05:55]} 41. Qxb7+ {[%clk 0:04:48]} 1-0

[Event "Nordic Youth Chess Championship"]
[Site "?"]
[Date "2020.02.14"]
[Round "2.3"]
[White "Kistrup, Nicolai"]
[Black "Crevatin, Leo"]
[Result "1/2-1/2"]
[BlackElo "2219"]
[WhiteElo "2194"]
[LiveChessVersion "1.4.8"]

1. d4 {[%clk 1:30:56]} d5 {[%clk 1:30:55]} 2. c4 {[%clk 1:31:22]} c6
{[%clk 1:31:05]} 3. Nf3 {[%clk 1:31:31]} Nf6 {[%clk 1:31:33]} 4. e3
{[%clk 1:31:39]} e6 {[%clk 1:31:41]} 5. b3 {[%clk 1:31:50]} c5 {[%clk 1:31:22]}
6. Bb2 {[%clk 1:32:07]} Nc6 {[%clk 1:31:24]} 7. cxd5 {[%clk 1:31:02]} exd5
{[%clk 1:27:45]} 8. Nbd2 {[%clk 1:31:10]} Bg4 {[%clk 1:23:56]} 9. Be2
{[%clk 1:14:41]} Be7 {[%clk 1:17:07]} 10. Rc1 {[%clk 1:00:53]} cxd4
{[%clk 1:11:02]} 11. Nxd4 {[%clk 1:00:54]} Bxe2 {[%clk 1:10:52]} 12. Qxe2
{[%clk 1:00:40]} Nxd4 {[%clk 1:09:17]} 13. Bxd4 {[%clk 1:00:59]} Qd7
{[%clk 1:08:31]} 14. O-O {[%clk 0:58:20]} O-O {[%clk 1:08:43]} 15. Nf3
{[%clk 0:57:39]} a6 {[%clk 1:02:33]} 16. Ne5 {[%clk 0:49:28]} Qe6
{[%clk 1:01:59]} 17. Nd3 {[%clk 0:46:42]} Rac8 {[%clk 0:59:01]} 18. Nc5
{[%clk 0:32:18]} Bxc5 {[%clk 0:56:54]} 19. Bxc5 {[%clk 0:31:05]} Rfd8
{[%clk 0:56:56]} 20. Bd4 {[%clk 0:27:02]} Ne4 {[%clk 0:54:45]} 21. Qb2
{[%clk 0:24:50]} f6 {[%clk 0:53:58]} 22. Qa3 {[%clk 0:20:14]} Rxc1
{[%clk 0:43:06]} 23. Rxc1 {[%clk 0:19:08]} Rc8 {[%clk 0:43:21]} 24. f3
{[%clk 0:16:27]} Ng5 {[%clk 0:39:07]} 25. Rxc8+ {[%clk 0:13:35]} Qxc8
{[%clk 0:39:36]} 26. Qc5 {[%clk 0:06:23]} Qxc5 {[%clk 0:39:43]} 27. Bxc5
{[%clk 0:06:48]} Ne6 {[%clk 0:40:10]} 28. Bb6 {[%clk 0:06:20]} Kf7
{[%clk 0:40:11]} 29. Kf2 {[%clk 0:06:08]} Ke7 {[%clk 0:39:49]} 1/2-1/2

[Event "Nordic Youth Chess Championship"]
[Site "?"]
[Date "2020.02.14"]
[Round "2.4"]
[White "Storme, Isak"]
[Black "Risting, Eivind Olav"]
[Result "1-0"]
[BlackElo "2306"]
[WhiteElo "2314"]
[LiveChessVersion "1.4.8"]

1. e4 {[%clk 1:30:47]} c5 {[%clk 1:30:41]} 2. Nc3 {[%clk 1:29:59]} Nc6
{[%clk 1:30:20]} 3. Nge2 {[%clk 1:29:33]} Nf6 {[%clk 1:28:25]} 4. d4
{[%clk 1:29:48]} cxd4 {[%clk 1:28:20]} 5. Nxd4 {[%clk 1:30:11]} d6
{[%clk 1:27:24]} 6. Bg5 {[%clk 1:29:34]} e6 {[%clk 1:27:22]} 7. Qd2
{[%clk 1:29:53]} a6 {[%clk 1:27:27]} 8. O-O-O {[%clk 1:30:09]} h6
{[%clk 1:27:11]} 9. Be3 {[%clk 1:25:19]} Ng4 {[%clk 1:11:04]} 10. Nxc6
{[%clk 1:17:44]} bxc6 {[%clk 1:11:27]} 11. Bf4 {[%clk 1:15:46]} e5
{[%clk 1:08:26]} 12. Bg3 {[%clk 1:16:06]} Be6 {[%clk 1:05:34]} 13. h3
{[%clk 1:06:01]} Nf6 {[%clk 1:05:44]} 14. Be2 {[%clk 1:05:02]} Qa5
{[%clk 0:59:54]} 15. Kb1 {[%clk 1:00:50]} Nxe4 {[%clk 0:58:37]} 16. Qe3
{[%clk 1:00:56]} Nxc3+ {[%clk 0:57:10]} 17. Qxc3 {[%clk 1:01:20]} Bxa2+
{[%clk 0:54:47]} 18. Ka1 {[%clk 1:01:45]} Qxc3 {[%clk 0:55:05]} 19. bxc3
{[%clk 1:02:12]} Bd5 {[%clk 0:50:17]} 20. f4 {[%clk 1:00:01]} exf4
{[%clk 0:40:24]} 21. Bxf4 {[%clk 1:00:20]} g5 {[%clk 0:33:07]} 22. Bh2
{[%clk 1:00:44]} Bg7 {[%clk 0:31:18]} 23. Rd3 {[%clk 0:55:42]} O-O
{[%clk 0:27:09]} 24. Bxd6 {[%clk 0:55:23]} Rfe8 {[%clk 0:26:38]} 25. Bf3
{[%clk 0:54:47]} Bc4 {[%clk 0:17:28]} 26. Bxc6 {[%clk 0:54:22]} Bxd3
{[%clk 0:17:51]} 27. cxd3 {[%clk 0:53:30]} Bxc3+ {[%clk 0:18:13]} 28. Kb1
{[%clk 0:53:41]} Bd4 {[%clk 0:16:49]} 29. g4 {[%clk 0:46:05]} Rad8
{[%clk 0:16:22]} 30. Bxe8 {[%clk 0:45:59]} Rxe8 {[%clk 0:16:49]} 31. Rh2
{[%clk 0:42:01]} Re6 {[%clk 0:16:26]} 32. Ba3 {[%clk 0:41:23]} Kg7
{[%clk 0:15:06]} 33. h4 {[%clk 0:40:44]} Re1+ {[%clk 0:14:12]} 34. Kc2
{[%clk 0:39:49]} Rg1 {[%clk 0:13:51]} 35. hxg5 {[%clk 0:39:57]} hxg5
{[%clk 0:14:19]} 36. Kb3 {[%clk 0:39:38]} Rxg4 {[%clk 0:14:46]} 37. Ra2
{[%clk 0:39:55]} a5 {[%clk 0:10:50]} 38. Kc4 {[%clk 0:38:16]} Bf6+
{[%clk 0:09:32]} 39. Kc5 {[%clk 0:38:12]} Rg3 {[%clk 0:09:13]} 40. Kc4
{[%clk 0:37:45]} Rg4+ {[%clk 0:08:50]} 41. Kc5 {[%clk 0:37:20]} Ra4
{[%clk 0:07:24]} 42. Kb5 {[%clk 0:37:00]} Rd4 {[%clk 0:07:48]} 43. Rd2
{[%clk 0:37:21]} Kg6 {[%clk 0:05:59]} 44. Bc5 {[%clk 0:37:29]} Rd8
{[%clk 0:04:19]} 45. d4 {[%clk 0:37:50]} g4 {[%clk 0:03:39]} 46. d5
{[%clk 0:37:22]} Be5 {[%clk 0:03:29]} 47. d6 {[%clk 0:37:17]} g3 {[%clk 0:01:56]}
48. d7 {[%clk 0:37:15]} Kf5 {[%clk 0:00:54]} 49. Bb6 {[%clk 0:36:06]} g2
{[%clk 0:00:57]} 50. Kc6 {[%clk 0:33:40]} Ke6 {[%clk 0:01:20]} 51. Rd1
{[%clk 0:32:28]} Rxd7 {[%clk 0:00:38]} 52. Rxd7 {[%clk 0:32:46]} Bh2
{[%clk 0:01:03]} 53. Rd1 {[%clk 0:32:11]} f5 {[%clk 0:00:35]} 54. Re1+
{[%clk 0:30:42]} Kf6 {[%clk 0:00:36]} 55. Kd5 {[%clk 0:30:57]} Kg5
{[%clk 0:00:39]} 56. Re2 {[%clk 0:30:58]} g1=Q {[%clk 0:00:42]} 57. Bxg1
{[%clk 0:31:22]} Bxg1 {[%clk 0:01:07]} 58. Rg2+ {[%clk 0:31:46]} Kf4
{[%clk 0:01:23]} 59. Rxg1 {[%clk 0:32:10]} Ke3 {[%clk 0:01:25]} 60. Rg3+
{[%clk 0:32:18]} Kf2 {[%clk 0:00:47]} 61. Ra3 {[%clk 0:32:38]} f4
{[%clk 0:01:04]} 62. Ke4 {[%clk 0:33:02]} 1-0

[Event "Nordic Youth Chess Championship"]
[Site "?"]
[Date "2020.02.14"]
[Round "2.5"]
[White "Morkore, Rogvi"]
[Black "Orn Birkisson, Bardur"]
[Result "0-1"]
[BlackElo "2186"]
[WhiteElo "1589"]
[LiveChessVersion "1.4.8"]

1. c4 {[%clk 1:30:54]} c6 {[%clk 1:30:39]} 2. Nc3 {[%clk 1:30:52]} d5
{[%clk 1:30:13]} 3. e3 {[%clk 1:30:49]} Nf6 {[%clk 1:30:10]} 4. d4
{[%clk 1:30:30]} a6 {[%clk 1:29:55]} 5. c5 {[%clk 1:24:15]} Bf5 {[%clk 1:22:09]}
6. Qb3 {[%clk 1:22:14]} Qc7 {[%clk 1:17:10]} 7. Na4 {[%clk 1:21:29]} Nbd7
{[%clk 1:16:40]} 8. Bd2 {[%clk 1:16:33]} e5 {[%clk 1:13:34]} 9. Ne2
{[%clk 1:12:57]} Be7 {[%clk 1:07:54]} 10. Ng3 {[%clk 1:12:19]} Bg6
{[%clk 1:07:19]} 11. Bd3 {[%clk 1:11:07]} e4 {[%clk 1:03:39]} 12. Be2
{[%clk 1:11:27]} O-O {[%clk 0:58:23]} 13. f3 {[%clk 1:05:49]} exf3
{[%clk 0:53:50]} 14. Bxf3 {[%clk 1:05:44]} Rfe8 {[%clk 0:52:40]} 15. O-O
{[%clk 1:05:22]} Bf8 {[%clk 0:50:23]} 16. Rae1 {[%clk 1:03:06]} h5
{[%clk 0:31:16]} 17. Ne2 {[%clk 0:28:38]} Be4 {[%clk 0:29:14]} 18. Ng3
{[%clk 0:19:09]} Bxf3 {[%clk 0:26:33]} 19. Rxf3 {[%clk 0:17:57]} g6
{[%clk 0:25:15]} 20. Nb6 {[%clk 0:10:17]} Nxb6 {[%clk 0:24:26]} 21. Qxb6
{[%clk 0:10:02]} Qxb6 {[%clk 0:24:00]} 22. cxb6 {[%clk 0:10:26]} Ne4
{[%clk 0:23:53]} 23. Nxe4 {[%clk 0:10:18]} Rxe4 {[%clk 0:23:54]} 24. b4
{[%clk 0:05:24]} Rae8 {[%clk 0:22:47]} 25. Rf4 {[%clk 0:04:27]} Rxf4
{[%clk 0:15:46]} 26. exf4 {[%clk 0:04:49]} Re4 {[%clk 0:15:57]} 27. Rxe4
{[%clk 0:03:11]} dxe4 {[%clk 0:16:21]} 28. a4 {[%clk 0:02:02]} f5
{[%clk 0:16:41]} 29. Kf2 {[%clk 0:02:03]} Kf7 {[%clk 0:17:04]} 30. h4
{[%clk 0:01:40]} Ke6 {[%clk 0:17:25]} 31. Ke3 {[%clk 0:00:42]} Kd5
{[%clk 0:17:43]} 32. b5 {[%clk 0:00:37]} cxb5 {[%clk 0:17:59]} 33. axb5
{[%clk 0:00:37]} axb5 {[%clk 0:18:19]} 34. g3 {[%clk 0:00:31]} Kc4
{[%clk 0:18:15]} 35. Bc1 {[%clk 0:00:48]} Bb4 {[%clk 0:18:14]} 36. Bb2
{[%clk 0:00:34]} Ba5 {[%clk 0:17:31]} 0-1